Nazwij pasujące państwo #3 - Statystyki

Ogólne statystyki
  • Ten quiz został rozwiązany 71 razy
  • Średni wynik to 12 z 15
Statystyki odpowiedzi
Nazwij pasujące państwo... # Państwo % Poprawnych
Które należy do NATO ale nie leży w Europie 3 Kanada / Stany Zjednoczone / Turcja
98%
Które ma rosyjski jako język urzędowy i nie jest to Rosja 3 Białoruś / Kazachstan / Kirgistan
95%
Które zostały odwiedzone przez Kim Jong Una 5 Chiny / Korea Południowa / Rosja / Singapur / Wietnam
95%
Które otacza inne państwo 2 Republika Południowej Afryki / Włochy
95%
Które było częścią Cesarstwa Niemieckiego 7 Belgia / Dania / Czechy / Francja / Litwa / Polska / Rosja
94%
Przez które przebiega równik i leży w Afryce 7 Demokratyczna Republika Konga / Gabon / Kenia / Kongo / Somalia / Uganda / Wyspy Świętego Tomasza i Książęca
94%
Które zaatakowało Stany Zjednoczone 3 Japonia / Meksyk / Wielka Brytania
94%
Które sponsorują terroryzm według Stanów Zjednoczonych 4 Iran / Korea Północna / Kuba / Syria
89%
Które ma roszczenia terytorialne na Antarktydzie 7 Argentyna / Australia / Chile / Francja / Norwegia / Nowa Zelandia / Wielka Brytania
87%
Które graniczy z mikronacjami w Europe 6 Austria / Francja / Hiszpania / Szwajcaria / Włochy
85%
Na którego fladze są kolory: czerwony, zielony i biały 11 Algieria / Białoruś / Bułgaria / Burundi / Iran / Liban / Madagaskar / Malediwy / Oman / Węgry / Włochy
84%
Które kończy się na literę I 10 Brunei / Burundi / Dżibuti / Eswatini / Fidżi / Haiti / Kiribati / Malawi / Mali / Timor Wschodni
76%
Z którym Polska przegrała na Stadionie Narodowym 4 Belgia / Holandia / Ukraina / Węgry
53%
Które dołączyło do NATO w latach 2010-2020 2 Czarnogóra / Macedonia Północna
27%
Które leży na Półkuli Południowej i jest członkiem Ligi Państw Arabskich 1 Komory
23%
Nie znaleziono quizów pasujących do podanych kryteriów
Rozkład punktacji
Procent ludzi z każdym wynikiem
Percentyl według liczby udzielonych odpowiedzi
Twoja historia wyników
Nie rozwiązałeś tego quizu